| 000 | 01095nam a22002657a 4500 | ||
|---|---|---|---|
| 005 | 20240530110447.0 | ||
| 008 | 150428s2010 ua af f 000 0dara d | ||
| 017 |
_a2010/24807 _bمصر . دار الكتب المصرية |
||
| 020 | _a9789774217476 | ||
| 040 | _aEG-CaGPL | ||
| 082 | 0 | 4 |
_221 _a200.9012\ _bهـ إ |
| 100 | 1 | _aهورنونج ، اريك | |
| 245 | 1 | 0 |
_aاخناتون و ديانة النور / _cاريك هورنونج ؛ ترجمة و تقديم محمود ماهر طه |
| 260 |
_aالقاهرة : _bالهيئة المصرية العامة للكتاب ، _c2010 . |
||
| 300 |
_a172 ص : _bلوحات ؛ _c24 سم . |
||
| 490 |
_aسلسلة مصريات ، تاريخ - فن - حضارة ؛ _v9 |
||
| 504 | _aيشتمل على ارجاعات ببليوجرافية | ||
| 650 | 0 | 4 | _aالديانات القديمة |
| 650 | 0 | 4 | _aديانة النور |
| 650 | 0 | 4 |
_aالفراعنة _xاساطير |
| 650 | 0 | 4 |
_aالفراعنة _xديانات |
| 700 |
_aمحمود ماهر طه _eمترجم |
||
| 942 |
_2ddc _cBK |
||
| 999 |
_c61165 _d61165 |
||